• 首页
  • 本馆介绍
  • 公告通知
  • 最新文献
  • 馆藏检索
  • 电子资源
  • 读者导购
  • 参考咨询
  • 我的图书馆
  • 登录
  • 详细信息显示
  • 放入我的书架
  • 预约/预借图书
  • 作者相关作品
  • 分类相关作品
  • 丛书相关作品
  • 出版社相关作品

书目信息

  • 表格格式
  • 工作单格式
  • 卡片格式
题名:
纯粹理性批判
    
 
作者: 康德 著 ;蓝公武 译
分册:  
出版信息: 北京   中国画报出版社  2016
页数: 490页
开本: 23cm
丛书名:
单 册:
中图分类: B017 , B081.2
科图分类:
主题词: 认识论--ren shi lun , 先验论--xian yan lun
电子资源:
ISBN: 978-7-5146-1324-7
000 01139nam0 22003011 450
001 0127144101
005 20170427144101.0
010    @a978-7-5146-1324-7@dCNY40.00
100    @a20161009d2016 em y0chiy50 ea
101 1  @achi@cger
102    @aCN@b110000
105    @ay z 000yy
106    @ar
200 1  @a纯粹理性批判@Achun cui li xing pi pan@dKritik der reinen vernuft@f(德)康德著@g蓝公武译
210    @a北京@c中国画报出版社@d2016
215    @a490页@d23cm
312    @a封面德文题名:Kritik der reinen vernunft
330    @a本书通过先验感性论、先验分析论、先验辩证论等方面的论述,系统阐述了康德的基本哲学观点,并得出了对形而上学的“理念”进行纯思辨的探讨是徒劳无功的,人的认识能力是有局限的,思辨理性低于实践理性,知识必须让位于信仰等观点。
500 10 @a纯粹理性批判
510 1  @aKritik der reinen vernuft@zger
606 0  @a认识论@Aren shi lun
606 0  @a先验论@Axian yan lun
690    @aB017@v5
690    @aB081.2@v5
701  0 @c(德)@a康德@Akang de@c(Kant, Immanuel@f1724~1804)@4著
702  0 @a蓝公武@Alan gong wu@f(1887~1957)@4译
801  0 @aCN@bTANGWEI@c20170308
905    @b0966648-50@dB017@e269@f3
    
    纯粹理性批判=Kritik der reinen vernuft/(德)康德著/蓝公武译.-北京:中国画报出版社,2016
    490页;23cm
    
    
    ISBN 978-7-5146-1324-7:CNY40.00
    本书通过先验感性论、先验分析论、先验辩证论等方面的论述,系统阐述了康德的基本哲学观点,并得出了对形而上学的“理念”进行纯思辨的探讨是徒劳无功的,人的认识能力是有局限的,思辨理性低于实践理性,知识必须让位于信仰等观点。
●
相关链接 在E读中查询图书 在五车中查询图书 在当当中查询图书 在豆瓣中查询图书


正题名:纯粹理性批判     索取号:B017/269         预约/预借

序号 登录号 条形码 馆藏地/架位号 状态 备注
1 0966648   209666486   第一样本阅览室/ [索取号:B017/269] 在馆    
2 0966649   209666495   第一借阅区/ [索取号:B017/269] 在馆    
3 0966650   209666501   第一借阅区/ [索取号:B017/269] 在馆    
唐山师范学院图书馆 欢迎您!
大连网信软件有限公司© 版权所有